[Event "Piemonte-ch"]
[Site "Turin"]
[Date "2008.04.21"]
[Round "2"]
[White "Medaglia, Enzo"]
[Black "Sattanino, Andrea"]
[Result "0-1"]
[WhiteElo "1820"]
[BlackElo "1840"]
[PlyCount "84"]
[EventDate "2008.04.20"]
[EventType "swiss"]
[EventRounds "9"]
[EventCountry "ITA"]
[SourceTitle "EXT 2011"]
[Source "ChessBase"]
[SourceDate "2010.11.26"]
[SourceVersion "1"]
[SourceVersionDate "2010.11.26"]
[SourceQuality "1"]

1. e4 e5 2. Bc4 Nf6 3. d3 Be7 4. Nc3 0-0 5. f4 exf4 6. Bxf4 d6 7. Nf3 Nc6 8. a3 Nh5 9. Be3 Bg4 10. 0-0 Ne5 11. Ba2 Nxf3+ 12. gxf3 Bh3 13. Re1 Bh4 14. f4 Bxe1 15. Qxh5 Qh4 16. Qf3 Bxc3 17. bxc3 Qg4+ 18. Qg3 Qxg3+ 19. hxg3 Kh8 20. Kf2 Rae8 21. Rg1 f5 22. exf5 Bxf5 23. g4 Be6 24. c4 b5 25. Ke2 bxc4 26. dxc4 Bg8 27. Kd3 Re7 28. Rb1 Rfe8 29. Bd2 h6 30. Rb7 c5 31. Rxe7 Rxe7 32. f5 Bf7 33. Bb3 Kg8 34. c3 g5 35. Ba4 Kg7 36. Bc6 Kf6 37. Be4 Bxc4+ 38. Kxc4 Rxe4+ 39. Kd5 Rxg4 40. Kxd6 Kxf5 41. Kxc5 Ra4 42. Kd5 Rxa3 0-1